Decisiones empresariales con riesgo e incertidumbre /
Guardado en:
| Autor Principal: | |
|---|---|
| Formato: | Libro |
| Idioma: | Spanish |
| Publicado: |
Barcelona :
Editorial Hispano Europea,
1984.
|
| Series: | Biblioteca de dirección, organización y administración de empresas. Técnicas de dirección.
|
| Materias: | |
| Etiquetas: |
Agregar Etiqueta
Sin Etiquetas, Sea el primero en etiquetar este registro!
|
| LEADER | 00894nam a22002175a 4500 | ||
|---|---|---|---|
| 001 | EAD.ead002639 | ||
| 008 | 110412s1984####sp############000#0#spa#d | ||
| 005 | 20110412140001.0 | ||
| 245 | 1 | 0 | |a Decisiones empresariales con riesgo e incertidumbre / |c por Emilio Soldevilla García. |
| 260 | |a Barcelona : |b Editorial Hispano Europea, |c 1984. | ||
| 300 | |a 473 p. ; |c 21 cm. | ||
| 490 | 1 | |a Biblioteca de dirección, organización y administración de empresas. Técnicas de dirección | |
| 020 | |a 8425506662 | ||
| 100 | 1 | |a Soldevilla García, Emilio. | |
| 830 | 0 | |a Biblioteca de dirección, organización y administración de empresas. |p Técnicas de dirección. | |
| 082 | 0 | 4 | |a 658.155 |2 21 |
| 650 | 7 | |a Toma de decisiones. |2 unbist | |
| 650 | 7 | |a Riesgo. |2 unbist | |
| 650 | 7 | |a Incertidumbre. |2 unbist | |
| 650 | 7 | |a Modelos matemáticos. |2 unbist | |
| 859 | |a AR-BaBDC |b BIB. ADMINISTRACION - Libros |h 658.155 |i So42 |p b06345 | ||
